ბათუმის შოთა რუსთაველის სახელმწიფო უნივერსიტეტის ბიბლიოთეკა

დიდი მოურავი. (ბიბ.ჩანაწერი № 44024)

000 -LEADER
fixed length control field 00738nam a2200229Ia 4500
001 - CONTROL NUMBER
control field 10775
003 - CONTROL NUMBER IDENTIFIER
control field GE_BSU
008 - FIXED-LENGTH DATA ELEMENTS--GENERAL INFORMATION
fixed length control field 181216s||||||||xx |||||||||||||| ||und||
040 ## - CATALOGING SOURCE
Transcribing agency GE_BSU
080 ## - UNIVERSAL DECIMAL CLASSIFICATION NUMBER
Universal Decimal Classification number 821.353.1–311.6
100 ## - MAIN ENTRY--PERSONAL NAME
Personal name ქვარიანი,სიმონ
245 ## - TITLE STATEMENT
Title დიდი მოურავი.
245 ## - TITLE STATEMENT
Remainder of title რომანი.
245 ## - TITLE STATEMENT
Statement of responsibility, etc. რედ.გურამ გვერდწითელი,ჯანსულ კორძაია;მხატვ.სპ.ცინცაძე.
260 ## - PUBLICATION, DISTRIBUTION, ETC.
Place of publication, distribution, etc. თბილისი.
260 ## - PUBLICATION, DISTRIBUTION, ETC.
Name of publisher, distributor, etc. მერანი.
260 ## - PUBLICATION, DISTRIBUTION, ETC.
Date of publication, distribution, etc. 1989.
300 ## - PHYSICAL DESCRIPTION
Extent 351გვ;20სმ.
300 ## - PHYSICAL DESCRIPTION
Accompanying material ილ.
653 ## - INDEX TERM--UNCONTROLLED
Uncontrolled term დიდი მოურავი.
942 ## - ADDED ENTRY ELEMENTS (KOHA)
Koha item type წიგნი
ეგზემპლარები
Withdrawn status Lost status Damaged status Not for loan Date acquired Barcode Date last seen Price effective from Koha item type
        2018-12-17 35211 2018-12-17 2018-12-17 წიგნი
        2018-12-17 35212 2018-12-17 2018-12-17 წიგნი
        2018-12-17 35213 2018-12-17 2018-12-17 წიგნი
        2018-12-17 35214 2018-12-17 2018-12-17 წიგნი
        2018-12-17 35215 2018-12-17 2018-12-17 წიგნი
        2018-12-17 35216 2018-12-17 2018-12-17 წიგნი
        2018-12-17 35217 2018-12-17 2018-12-17 წიგნი
        2018-12-17 35218 2018-12-17 2018-12-17 წიგნი
        2018-12-17 35219 2018-12-17 2018-12-17 წიგნი
        2018-12-17 35220 2018-12-17 2018-12-17 წიგნი
        2018-12-17 35221 2018-12-17 2018-12-17 წიგნი
        2018-12-17 35222 2018-12-17 2018-12-17 წიგნი
        2018-12-17 35223 2018-12-17 2018-12-17 წიგნი
        2018-12-17 35224 2018-12-17 2018-12-17 წიგნი
        2018-12-17 35225 2018-12-17 2018-12-17 წიგნი
        2018-12-17 35226 2018-12-17 2018-12-17 წიგნი
        2018-12-17 35227 2018-12-17 2018-12-17 წიგნი
        2018-12-17 35228 2018-12-17 2018-12-17 წიგნი
        2018-12-17 35229 2018-12-17 2018-12-17 წიგნი
        2018-12-17 35230 2018-12-17 2018-12-17 წიგნი
        2018-12-17 35231 2018-12-17 2018-12-17 წიგნი
        2018-12-17 35232 2018-12-17 2018-12-17 წიგნი
        2018-12-17 35233 2018-12-17 2018-12-17 წიგნი
        2018-12-17 35234 2018-12-17 2018-12-17 წიგნი
        2018-12-17 35235 2018-12-17 2018-12-17 წიგნი